000 01093nam a2200301 i 4500
001 bg
245 1 0 _aSystemy, jakość i standardy kształcenia zawodowego /
_cpod red. Henryka Bednarczyka.
260 _aRadom ;
_aWarszawa :
_b[Instytut Technologii Eksploatacji],
_c1997.
300 _a267, [1] s. :
_brys., wykr. ;
_c24 cm.
490 1 _aBiblioteka Pedagogiki Pracy
504 _aBibliogr. po rozdz.
650 9 _aSzkolnictwo zawodowe
_xorganizacja
_xEuropa
650 9 _aSzkolnictwo zawodowe
_xorganizacja
_xStany Zjednoczone
650 9 _aSzkolnictwo zawodowe
_xorganizacja
_xJaponia
650 9 _aSzkolnictwo zawodowe
_xorganizacja
_xPolska
650 9 _aSzkolnictwo zawodowe
_xnauczanie
_xefektywność
650 9 _aZawód
_xszkolenie
_xmetody
650 9 _aKształcenie
_xzagadnienia
700 1 _aBednarczyk, Henryk
_d(1943- ).
_eRed.
830 _aBiblioteka Pedagogiki Pracy
020 _a83861148101
040 _cBPK
041 0 _apl
080 _a377.1:378.1:331.108.4](4+73+520)
920 _a83-861148-10-1
942 _cKS
008 s pl f |000 0 pol
999 _c31207
_d31207
856 _uhttp://koha.tu.koszalin.pl/cgi-bin/koha/opac-detail.pl?biblionumber=31207
_yKatalog online BPK